| 000 | 01420nam a2200217Ia 4500 | ||
|---|---|---|---|
| 003 | Ost | ||
| 005 | 20260416102355.0 | ||
| 008 | 260416s9999||||xx |||||||||||||| ||und|| | ||
| 040 | _cfsecg | ||
| 041 | _aara | ||
| 082 | _a310 | ||
| 100 |
_aعز الدين، حليمة _eمؤلف |
||
| 245 | 0 |
_aمحاضرات في الإحصاء 2 / _c حليمة عز الدين |
|
| 260 |
_aالجزائر _bجامعة الجزائر3: كلية العلوم الإقتصادية، العلوم التجارية وعلوم التسيير _c2020 |
||
| 300 |
_a136 ورقة _bايضاحات _c30 سم |
||
| 504 | _aملاحق ص.129 مراجع ص.136 | ||
| 520 | _aالمفاهيم الأساسية للاحتمالات و القوانين الأساسية لها و الاحتمال الكلي و نظرية بايز و أساليب العد في حساب الاحتمالات ، تعريف المتغيرات العشوائية و المتغير العشوائي المستمسر ، التوزيعات الاحتمالية المنقطعة و التوزيعات الاحتمالية المستمرة و التقارب مع التوزيع الطبيعي و أخيرا ملخص قانون التوزيع الطبيعي. | ||
| 653 | _aالاحصاء | ||
| 710 |
_aجامعة الجزائر3: كلية العلوم الإقتصادية، العلوم التجارية وعلوم التسيير _eناشر علمي |
||
| 942 | _cHANDOUT | ||
| 999 |
_c41172 _d41172 |
||